| 000 | 00844nam a22002657a 4500 | ||
|---|---|---|---|
| 001 | 8994 | ||
| 003 | FISKH | ||
| 005 | 20251113100807.0 | ||
| 008 | 251113b cb ||||| |||| 00| 0 eng d | ||
| 020 | _a9780545430975 | ||
| 040 |
_aFISKH _beng _cFISKH _dFISKH |
||
| 050 | _aPZ7.A953 R | ||
| 082 | _a813 | ||
| 100 |
_aAvi _eAuthor |
||
| 245 |
_aRomeo and Juliet : _bTogether (and alive!) at least / _cAvi |
||
| 260 |
_aNew York : _bScholastic Inc. , _c1987 |
||
| 300 |
_a123 pages : _c20 cm |
||
| 505 | _aN | ||
| 520 | _aThe eighth grade's plan to get two reluctant "lovers" together by means of a classroom production of Shakespeare's play has some very unexpected results. | ||
| 521 | 8 |
_a530
_bLexile |
|
| 521 | 8 |
_aN
_bRaz-Plus |
|
| 650 |
_aRealistic fiction _vRelationships and identities |
||
| 942 |
_2ddc _cBK _n0 |
||
| 999 |
_c8994 _d8994 |
||